| 000 | 00407nam a2200157Ia 4500 | ||
|---|---|---|---|
| 003 | GCL | ||
| 008 | 140319s9999 xx 000 0 eng d | ||
| 040 |
_aGCL / _cGCL |
||
| 082 | 0 | 4 |
_a628 _bM B |
| 100 | 1 | _aMICHAEL, ALLABY | |
| 245 | 1 | 0 |
_aBASICS OF ENVIRONMENTAL SCIENCE / _cMICHAEL, ALLABY |
| 260 |
_a[S.N] : _bROUTLEDGE ، _c1996 |
||
| 300 | _a297 P | ||
| 650 | 0 | 4 | _aENVIRONMENTAL SCIENCE |
| 942 |
_2ddc _cBK |
||
| 999 |
_c13029 _d13029 |
||